Natural Water Treatment Systems for Safe and Sustainable Water Supply in the Indian Context (Record no. 64314)
[ view plain ]
| 000 -LEADER | |
|---|---|
| fixed length control field | 02329nam a2200277Ii 4500 |
| 008 - FIXED-LENGTH DATA ELEMENTS--GENERAL INFORMATION | |
| fixed length control field | 221202s xx 000 0 und d |
| 245 #0 - TITLE STATEMENT | |
| Title | Natural Water Treatment Systems for Safe and Sustainable Water Supply in the Indian Context |
| 246 ## - VARYING FORM OF TITLE | |
| Title proper/short title | Saph Pani |
| 264 ## - PRODUCTION, PUBLICATION, DISTRIBUTION, MANUFACTURE, AND COPYRIGHT NOTICE | |
| Name of producer, publisher, distributor, manufacturer | IWA Publishing |
| Date of production, publication, distribution, manufacture, or copyright notice | 2016 |
| 300 ## - PHYSICAL DESCRIPTION | |
| Extent | 1 online resource (342 pages) |
| 336 ## - CONTENT TYPE | |
| Content type term | text |
| Content type code | txt |
| Source | rdacontent |
| 337 ## - MEDIA TYPE | |
| Media type term | computer |
| Media type code | c |
| Source | rdamedia |
| 338 ## - CARRIER TYPE | |
| Carrier type term | online resource |
| Carrier type code | cr |
| Source | rdacarrier |
| 520 ## - SUMMARY, ETC. | |
| Summary, etc. | Natural Water Treatment Systems for Safe and Sustainable Water Supply in the Indian Context is based on the work from the Saph Pani project (Hindi word meaning potable water). The book aims to study and improve natural water treatment systems, such as River Bank Filtration (RBF), Managed Aquifer Recharge (MAR), and wetlands in India, building local and European expertise in this field. The project aims to enhance water resources and water supply, particularly in water stressed urban and peri urban areas in different parts of the Indian sub-continent. This project is co-funded by the European Union under the Seventh Framework (FP7) scheme of small or medium scale focused research projects for specific cooperation actions (SICA) dedicated to international cooperation partner countries. Natural Water Treatment Systems for Safe and Sustainable Water Supply in the Indian Context provides: an introduction to the concepts of natural water treatment systems (MAR, RBF, wetlands) at national and international level knowledge of the basics of MAR, RBF and wetlands, methods and hydrogeological characterisation an insight into case studies in India and abroad. This book is a useful resource for teaching at Post Graduate level, for research and professional reference. |
| 653 ## - INDEX TERM--UNCONTROLLED | |
| Uncontrolled term | Aquifer |
| 653 ## - INDEX TERM--UNCONTROLLED | |
| Uncontrolled term | Developing Countries |
| 653 ## - INDEX TERM--UNCONTROLLED | |
| Uncontrolled term | Environment |
| 653 ## - INDEX TERM--UNCONTROLLED | |
| Uncontrolled term | Water Resources |
| 653 ## - INDEX TERM--UNCONTROLLED | |
| Uncontrolled term | Water Supply & Treatment |
| 700 1# - ADDED ENTRY--PERSONAL NAME | |
| Personal name | Elango, Lakshmanan |
| 700 1# - ADDED ENTRY--PERSONAL NAME | |
| Personal name | Nattorp, Anders |
| 700 1# - ADDED ENTRY--PERSONAL NAME | |
| Personal name | R. Asolekar, Shyam |
| 700 1# - ADDED ENTRY--PERSONAL NAME | |
| Personal name | Wintgens, Thomas |
| 856 ## - ELECTRONIC LOCATION AND ACCESS | |
| Uniform Resource Identifier | <a href="https://library.oapen.org/bitstream/20.500.12657/31048/1/640149.pdfhttps://www.iwapublishing.com/books/9781780408385/natural-water-treatment-systems-safe-and-sustainable-water-supply-indian-contexthttp://library.oapen.org/handle/20.500.12657/31048">https://library.oapen.org/bitstream/20.500.12657/31048/1/640149.pdfhttps://www.iwapublishing.com/books/9781780408385/natural-water-treatment-systems-safe-and-sustainable-water-supply-indian-contexthttp://library.oapen.org/handle/20.500.12657/31048</a> |
| 942 ## - ADDED ENTRY ELEMENTS (KOHA) | |
| Koha item type | E-Book |
| Withdrawn status | Damaged status | Not for loan | Home library | Current library | Date acquired | Total Checkouts | Date last seen | Price effective from | Koha item type |
|---|---|---|---|---|---|---|---|---|---|
| Directory of Open Access Books | Directory of Open Access Books | 11/28/2022 | 11/28/2022 | 11/28/2022 | E-Book |